Popular American TV Series - Statistics

General Stats
  • This quiz has been taken 537 times
  • The average score is 3 of 15
Answer Stats
Hint Answer % Correct
F Friends
64%
PB Prison Break
43%
BBT The Big Bang Theory
42%
OTH One Tree Hill
35%
GA Grey's Anatomy
30%
FG Family Guy
25%
S The Simpsons
24%
TVD The Vampire Diaries
22%
G Glee
15%
TAAHM Two and a Half Men
13%
CM Criminal Minds
11%
S Smallville
8%
JS Jersey Shore
5%
S Skins
3%
TB The Bachelor
2%
No matching quizzes found
Score Distribution
Percent of People with Each Score
Percentile by Number Answered
Your Score History
You have not taken this quiz